<?xml version="1.0" encoding="UTF-8"?>
<marc:record xmlns:marc="http://www.loc.gov/MARC21/slim">
   <marc:leader>00000nam a2200000 a 4500</marc:leader>
   <marc:datafield ind1=" " ind2=" " tag="653">
      <marc:subfield code="a">Kleinkind</marc:subfield>
   </marc:datafield>
   <marc:datafield ind1=" " ind2=" " tag="653">
      <marc:subfield code="a">DVD</marc:subfield>
   </marc:datafield>
   <marc:datafield ind1="0" ind2="0" tag="245">
      <marc:subfield code="a">Robin Hood - Schlitzohr von Sherwood - Folge 1</marc:subfield>
   </marc:datafield>
   <marc:datafield ind1="0" ind2="0" tag="245">
      <marc:subfield code="b">Die Schatzkiste</marc:subfield>
   </marc:datafield>
   <marc:datafield ind1=" " ind2="1" tag="264">
      <marc:subfield code="c">2015</marc:subfield>
   </marc:datafield>
   <marc:datafield ind1="1" ind2=" " tag="520">
      <marc:subfield code="a">Welches Kind kennt ihn nicht, den Kämpfer gegen Ungerechtigkeit und Willkür der Reichen und Mächtigen, der durch seine Taten zum Wohltäter der Armen und Ausgebeuteten wurde? Die Legende des englischen Volkshelden des späten Mittelalters diente als Vorlage für eine neue Animationsserie im modernen 3D-Stil. Neu ist, dass die Serie Robin Hood als 10-jährigen in den Mittelpunkt stellt, der mutig, kühn und listenreich in Sherwood Forest gegen den ebenfalls 10-jährigen Königssohn Prinz John und seine Bande kämpft. Bei der Rettung des Königreichs helfen Robin die liebreizende Maid Marian, Tuck, Little John und Scarlett, die in Prinz Johns Schloss Nottingham arbeitet. Abenteuer, Spannung, Witz und Slapstick, Emotionen und eine Prise Moral zeichnen diese neue Serie aus. Alle Protagonisten, ob gut, ob böse, sind 10 Jahre alt.&lt;br/&gt;&lt;br/&gt;Episoden:&lt;br/&gt;01 Die Schatzkiste&lt;br/&gt;02 Die Entführung &lt;br/&gt;03 Der Hypnotiseur&lt;br/&gt;04 Der Wunderheiler </marc:subfield>
   </marc:datafield>
   <marc:datafield ind1="3" ind2=" " tag="024">
      <marc:subfield code="a">4029759104186</marc:subfield>
   </marc:datafield>
   <marc:datafield ind1=" " ind2=" " tag="041">
      <marc:subfield code="a">ger</marc:subfield>
   </marc:datafield>
   <marc:datafield ind1="1" ind2=" " tag="521">
      <marc:subfield code="a">0</marc:subfield>
   </marc:datafield>
   <marc:datafield ind1=" " ind2=" " tag="306">
      <marc:subfield code="a">00:50:00</marc:subfield>
   </marc:datafield>
   <marc:datafield ind1=" " ind2=" " tag="300">
      <marc:subfield code="a">1 DVD</marc:subfield>
   </marc:datafield>
</marc:record>
